000 00692nam a2200193Ia 4500
003 GCL
008 140319s9999 xx 000 0 ara d
040 _aGCL /
_cGCL
082 0 4 _a219
_bح د
100 1 _aحسين احمد امين
245 1 0 _aدليل المسلم الحزين الى مقتضى السلوك فى القرن العشرين - ودراسات اسلاميةاخرى /
_cحسين احمد امين
260 _a[S.N] :
_bدار سعاد الصباح ،
_c1992
300 _a167 ص
490 _a
650 0 4 _aالاسلام
650 0 4 _aالاسلام والاصلاح الاجتماعى
650 0 4 _aحركات الاصلاح والتجديد
942 _2ddc
_cBK
999 _c29658
_d29658